Statistics for Name the 20 Amino Acids

Click here to take the quiz!

General Stats

  • This quiz has been taken 62 times
  • The average score is 16 of 20

Answer Stats

Answer% Correct
Alanine
88%
Leucine
88%
Isoleucine
85%
Phenylalanine
85%
Asparagine
82%
Tryptophan
82%
Methionine
82%
Valine
82%
Arginine
79%
Glutamine
79%
Serine
79%
Glycine
76%
Aspartic acid
76%
Glutamic acid
76%
Proline
76%
Lysine
76%
Tyrosine
68%
Cysteine
65%
Threonine
62%
Histidine
59%

Score Distribution

Percentile by Number Answered

Percent of People with Each Score

Your Score History

You have not taken this quiz